[Tlmočník ako rečník]

Recenzia na knihu Tlmočník ako rečník.

Salvato in:
Dettagli Bibliografici
Autore principale: Sánchez Presa, Mónica
Natura: Capitolo di libro
Lingua:spagnolo
Soggetti:
Tags: Aggiungi Tag
Nessun Tag, puoi essere il primo ad aggiungerne!!

MARC

LEADER 00000naa a2200000 4500
001 0227527
005 20240502073741.8
041 0 |a spa 
044 |a SK 
245 1 0 |a [Tlmočník ako rečník]  |c Mónica Sánchez Presa 
520 |a Recenzia na knihu Tlmočník ako rečník. 
610 2 0 |a preklady 
610 2 0 |a recenzie 
610 2 0 |a tlmočníci 
610 2 0 |a tlmočníctvo 
100 1 |a Sánchez Presa, Mónica